Ghana Immigration by Country - Statistics

General Stats
  • This quiz has been taken 935 times
  • The average score is 9 of 12
Answer Stats
# People Country of Origin % Correct
9,205 Niger
95%
57,056 Nigeria
94%
142,688 Togo
88%
19,502 Benin
83%
46,058 Ivory Coast
83%
7,819 Mali
79%
2,117 United Kingdom
75%
952 United States
75%
20,056 Liberia
74%
1,939 Sierra Leone
69%
989 India
41%
1,142 Lebanon
14%
No matching quizzes found
Score Distribution
Percent of People with Each Score
Percentile by Number Answered
Your Score History
You have not taken this quiz